Sport en Images - A - Statistiques

Statistiques générales
  • Ce quiz a été pris 286 fois
  • Le résultat moyen est 11 sur 20
Statistiques - réponses
Par images Hint Réponse % Correct
Equipement Adidas
94%
Profession Arbitre
92%
Equipement Asics
87%
Discipline Aviron
87%
Discipline Athlétisme
85%
Muscles Abdominaux
81%
Sportif Carlos Alcaraz
73%
Sportif Pierre-Emerick Aubameyang
67%
Poste Ailier
62%
Série de tournois ATP Tour
51%
Discipline Aïkido
49%
Club de Top 14 Aviron Bayonnais
49%
Sportif Fernando Alonso
47%
Club de NBA Atlanta Hawks
45%
Sportif Giánnis Antetokoúnmpo
43%
Figure Appui Tendu Renversé
41%
Matériel Après-Ski
25%
Position Arbre
18%
Sportif Kevin Anderson
8%
Matériel Assureur
3%
Aucun quiz correspondant
Distribution des résultats
% des personnes avec chaque résultat
Percentile par nombre de réponses
Votre historique - résultats
Vous n’avez pas pris ce quiz